000 00777nam a2200181 i 4500
001 bg
245 0 _aComputer-aided control of processes in group technology systems /
_cAleksander A. Pavlov [et al.].
260 _aWrocław,
_c1990.
490 1 _aPrace Naukowe Instytutu Cybernetyki Technicznej Politechniki Wrocławskiej. Monografie =
_aScientific Papers of the Institute of Technical Cybernetics of the Technical University of Wrocław,
_x0324-9786 ;
_v16
500 _aNumeracja ser. gł. : 81.
700 1 _aPavlov, Aleksander A.
830 0 _aPrace Naukowe Instytutu Cybernetyki Technicznej Politechniki Wrocławskiej.
_pMonografie ;
_v16
040 _cBPK
041 _apol
080 _a658.5.012:681.322
942 _cKS
008 s pl f |000 0 pol
999 _c29397
_d29397
856 _uhttp://koha.tu.koszalin.pl/cgi-bin/koha/opac-detail.pl?biblionumber=29397
_yKatalog online BPK